Eredivisie 2025/26 - Statystyki

Ogólne statystyki
  • Ten quiz został rozwiązany 61 razy
  • Średni wynik to 11 z 18
Statystyki odpowiedzi
Drużyna % Poprawnych
Ajax Amsterdam
100%
PSV Eindhoven
96%
Feyenoord Rotterdam
89%
Sparta Rotterdam
87%
AZ Alkmaar
72%
Twente Enschede
70%
Groningen
66%
Utrecht
66%
Heerenveen
53%
NAC Breda
53%
PEC Zwolle
53%
Go Ahead Eagles
49%
Excelsior Rotterdam
47%
NEC Nijmegen
47%
Fortuna Sittard
43%
Heracles Almelo
40%
Telstar
40%
Volendam
40%
Nie znaleziono quizów pasujących do podanych kryteriów
Rozkład punktacji
Procent ludzi z każdym wynikiem
Percentyl według liczby udzielonych odpowiedzi
Twoja historia wyników
Nie rozwiązałeś tego quizu